000 00693cam a22002413a 4500
001 4712
003 PGUSA
005 20140828083105.0
008 060413s2006||||xxu|||||s|||||000 1 eng d
040 _aPGUSA
_beng
042 _adc
050 4 _aPS
100 1 _aDay, Holman,
_d1865-1935
245 1 4 _aThe Landloper :
_bThe Romance of a Man on Foot
_h[electronic resource] /
_cHolman Day
260 _bProject Gutenberg,
_c2006
506 _aPublic domain in the USA.
516 _aElectronic text
653 _aWater-supply -- Fiction
653 _aPolitical corruption -- Fiction
830 0 _aProject Gutenberg
_v4712
856 4 0 _uhttp://www.gutenberg.org/ebooks/4712
942 _cEB
999 _c234041
_d234041